| 000 | 00340nam a2200145Ia 4500 | ||
|---|---|---|---|
| 008 | 230917s9999||||xx |||||||||||||| ||und|| | ||
| 040 |
_e122097 _aMAIN |
||
| 041 | _aEnglish | ||
| 082 | _a338.4791 C399A | ||
| 100 | _aChawla, Romila | ||
| 245 | 0 | _aAdventure tourism | |
| 260 |
_aNew Delhi _bRajat _c2008 |
||
| 300 | _a306 p. | ||
| 942 | _cBK | ||
| 999 |
_c146709 _d146709 |
||